Famous Ben's by Picture - Statistics

General Stats
  • This quiz has been taken 158 times
    72 since last reset
  • The average score is 4 of 6
Answer Stats
Picture Answer % Correct
Ben Stiller
86%
Benedict Cumberbatch
85%
Benjamin Franklin
83%
Ben Affleck
80%
Ben Kingsley
73%
Benjamin Netanyahu
32%
No matching quizzes found
Score Distribution
Percent of People with Each Score
Percentile by Number Answered
Your Score History
You have not taken this quiz since the last reset